000 00695cam a22002413a 4500
001 30301
003 PGUSA
005 20140828083644.0
008 091020s2009||||xxu|||||s|||||000 1 eng d
040 _aPGUSA
_beng
042 _adc
050 4 _aPS
100 1 _aKing, Basil,
_d1859-1928
245 1 4 _aThe Side Of The Angels :
_bA Novel
_h[electronic resource] /
_cBasil King
260 _bProject Gutenberg,
_c2009
506 _aPublic domain in the USA.
516 _aElectronic text
653 _aPhysicians -- Fiction
700 1 _aElliott, Elizabeth Shippen Green,
_d1871-1954
830 0 _aProject Gutenberg
_v30301
856 4 0 _uhttp://www.gutenberg.org/ebooks/30301
942 _cEB
999 _c259556
_d259556